[Event "BCF-chT2d 1415 (4NCL) Demotion pool"]
[Site "England"]
[Date "2015.05.03"]
[Round "10.10"]
[White "Gregory, Stephen J"]
[Black "MacKenzie, Colin"]
[Result "1/2-1/2"]
[WhiteElo "2155"]
[BlackElo "2046"]
[PlyCount "95"]
[EventDate "2015.03.29"]
[EventType "team-tourn"]
[EventRounds "11"]
[EventCountry "ENG"]
[SourceTitle "EXT 2016"]
[Source "ChessBase"]
[SourceDate "2015.10.08"]
[SourceVersion "1"]
[SourceVersionDate "2015.10.08"]
[SourceQuality "1"]
[WhiteTeam "Anglian Avengers"]
[BlackTeam "Kings Head"]
[WhiteTeamCountry "ENG"]
[BlackTeamCountry "ENG"]

1. e4 e6 2. d4 d5 3. exd5 exd5 4. c4 Bb4+ 5. Nc3 Qe7+ 6. Be3 dxc4 7. Bxc4 Nf6 8. Nf3 0-0 9. 0-0 Bg4 10. h3 Bh5 11. g4 Bxc3 12. bxc3 Bg6 13. Ne5 Be4 14. g5 Ne8 15. Re1 Nd6 16. Bb3 Nd7 17. Bf4 Rae8 18. Re3 Qd8 19. Qg4 Bf5 20. Qg2 Be6 21. Rae1 Nf5 22. R3e2 Bxb3 23. axb3 Nxe5 24. Rxe5 Rxe5 25. Rxe5 Nh4 26. Qg3 Ng6 27. Re3 Nxf4 28. Qxf4 f6 29. g6 hxg6 30. Qe4 c6 31. Qxg6 Qd7 32. h4 Rf7 33. Qe4 f5 34. Qf4 Qd8 35. Re5 Qd7 36. Kf1 Qc8 37. h5 Qd7 38. Qg5 Rf6 39. Ke2 Qf7 40. c4 b5 41. d5 bxc4 42. bxc4 cxd5 43. cxd5 Qc7 44. Qf4 Qc2+ 45. Qd2 Qc4+ 46. Qd3 Qg4+ 47. Qf3 Qc4+ 48. Qd3 1/2-1/2

[Event "BCF-chT2b 1415 (4NCL)"]
[Site "England"]
[Date "2015.02.14"]
[Round "5.254"]
[White "MacKenzie, Colin"]
[Black "Mitchell, Martin"]
[Result "0-1"]
[WhiteElo "2065"]
[BlackElo "2182"]
[PlyCount "52"]
[EventDate "2014.11.15"]
[EventType "team-tourn"]
[EventRounds "7"]
[EventCountry "ENG"]
[SourceTitle "EXT 2016"]
[Source "ChessBase"]
[SourceDate "2015.10.08"]
[SourceVersion "1"]
[SourceVersionDate "2015.10.08"]
[SourceQuality "1"]
[WhiteTeam "Kings Head"]
[BlackTeam "Spirit of Atticus"]
[WhiteTeamCountry "ENG"]
[BlackTeamCountry "ENG"]

1. c4 Nf6 2. g3 e6 3. Bg2 d5 4. Nf3 c5 5. 0-0 Nc6 6. cxd5 Nxd5 7. Nc3 Be7 8. d3 0-0 9. Bd2 b6 10. Rc1 Bb7 11. Qa4 Rc8 12. Nxd5 exd5 13. d4 Re8 14. Bh3 Ra8 15. Be3 c4 16. b3 Nb4 17. Ne5 a6 18. bxc4 dxc4 19. Ra1 b5 20. Qd1 Nd5 21. Qc2 Bd6 22. Bc1 Bxe5 23. dxe5 Rxe5 24. Bg2 Qe7 25. Re1 Re8 26. Bf1 Qc5 0-1

[Event "BCF-chT1d 1314 (4NCL) Demotion pool"]
[Site "England"]
[Date "2014.05.04"]
[Round "10.156"]
[White "MacKenzie, Colin"]
[Black "Churm, Rohan"]
[Result "0-1"]
[WhiteElo "2093"]
[BlackElo "2180"]
[PlyCount "122"]
[EventDate "2013.11.16"]
[EventType "team-tourn"]
[EventRounds "4"]
[EventCountry "ENG"]
[SourceTitle "EXT 2015"]
[Source "ChessBase"]
[SourceDate "2014.11.20"]
[SourceVersion "1"]
[SourceVersionDate "2014.11.20"]
[SourceQuality "1"]
[WhiteTeam "Kings Head"]
[BlackTeam "Cambridge"]
[WhiteTeamCountry "ENG"]
[BlackTeamCountry "ENG"]

1. c4 c5 2. g3 g6 3. Bg2 Bg7 4. Nc3 Nc6 5. a3 d6 6. Rb1 a5 7. Nf3 e5 8. d3 Nge7 9. 0-0 0-0 10. Ne1 f5 11. Bg5 h6 12. Bxe7 Nxe7 13. Nd5 a4 14. b4 axb3 15. Rxb3 Ra7 16. Qb1 Nc6 17. Nc2 e4 18. Nb6 Be6 19. dxe4 Na5 20. Rd3 Nxc4 21. Nxc4 Bxc4 22. Re3 f4 23. gxf4 Rxf4 24. Rg3 Bxe2 25. Re1 Bh5 26. Qb3+ Kh8 27. Qe3 g5 28. Rh3 Bg4 29. Rg3 Qf6 30. e5 dxe5 31. Qxc5 b6 32. Qc3 Be6 33. Rge3 Rf7 34. f3 Qg6 35. Qc6 Bf5 36. Nb4 Qxc6 37. Nxc6 Ra4 38. Nxe5 Bxe5 39. Rxe5 Rxa3 40. Rb5 Rf6 41. Re7 Ra1+ 42. Kf2 Rd1 43. Rb7 Rd2+ 44. Kg1 Rdd6 45. Re5 Rd7 46. Rb8+ Kg7 47. Bf1 Kg6 48. h4 gxh4 49. Rg8+ Rg7 50. Rd8 Rc6 51. Kh2 Rc2+ 52. Be2 Kf6 53. Re3 h3 54. Rf8+ Kg6 55. Kg3 Kh7+ 56. Kf4 h2 57. Rxf5 h1Q 58. Bd3 Qh4+ 59. Ke5 Rc5+ 60. Kd6 Qd8+ 61. Ke6 Qe7# 0-1

[Event "BCF-chT3S 1314 (4NCL)"]
[Site "England"]
[Date "2013.11.17"]
[Round "2.247"]
[White "MacKenzie, Colin"]
[Black "Bucknell, Malcolm Gordon"]
[Result "1/2-1/2"]
[WhiteElo "2093"]
[BlackElo "1940"]
[PlyCount "33"]
[EventDate "2013.11.16"]
[EventType "team-swiss"]
[EventRounds "6"]
[EventCountry "ENG"]
[SourceTitle "CBM 157 Extra"]
[Source "ChessBase"]
[SourceDate "2013.12.19"]
[SourceVersion "1"]
[SourceVersionDate "2013.12.19"]
[SourceQuality "1"]
[WhiteTeam "Kings Head II"]
[BlackTeam "Anglian Avengers III"]
[WhiteTeamCountry "ENG"]
[BlackTeamCountry "ENG"]

1. c4 b6 2. Nc3 Bb7 3. d3 e6 4. e4 Bb4 5. Nge2 Ne7 6. Bd2 Nbc6 7. a3 Bxc3 8. Bxc3 0-0 9. g3 e5 10. Bg2 d6 11. 0-0 Rb8 12. b4 Qe8 13. b5 Nd8 14. f4 f6 15. f5 c6 16. a4 a6 17. bxa6 1/2-1/2

[Event "BCF-chT2 1011 (4NCL)"]
[Site "England"]
[Date "2011.03.27"]
[Round "8.74"]
[White "Gooding, Ian R"]
[Black "MacKenzie, Colin"]
[Result "0-1"]
[WhiteElo "2012"]
[BlackElo "2118"]
[PlyCount "112"]
[EventDate "2010.11.06"]
[EventType "team-swiss"]
[EventRounds "11"]
[EventCountry "ENG"]
[SourceTitle "EXT 2012"]
[Source "ChessBase"]
[SourceDate "2011.11.24"]
[SourceVersion "1"]
[SourceVersionDate "2011.11.24"]
[SourceQuality "1"]
[WhiteTeam "Cambridge II"]
[BlackTeam "Kings Head"]
[WhiteTeamCountry "ENG"]
[BlackTeamCountry "ENG"]

1. e4 e6 2. d4 d5 3. Nc3 Bb4 4. a3 Bxc3+ 5. bxc3 dxe4 6. Qg4 Nf6 7. Qxg7 Rg8 8. Qh6 Nbd7 9. a4 b6 10. Bb5 Rg6 11. Qh3 Bb7 12. Ba3 a6 13. Bc4 Ng4 14. Ne2 Qf6 15. Rf1 0-0-0 16. Bc1 Rdg8 17. Be3 Qf5 18. Kd2 Ndf6 19. a5 b5 20. Bb3 c5 21. Ng3 Nxe3 22. Nxf5 Nxf5 23. dxc5 e3+ 24. fxe3 Bxg2 25. Qxf5 exf5 26. Rxf5 Bh3 27. Rf4 Rd8+ 28. Kc1 Be6 29. Kb2 Nd5 30. Rh4 h6 31. e4 Ne3 32. Bxe6+ fxe6 33. Rf4 Rd2 34. Rc1 Nc4+ 35. Kb3 Nxa5+ 36. Kb4 Nc6+ 37. Kb3 a5 38. Rf8+ Rd8 39. Rf7 Rd7 40. Rf8+ Kc7 41. Rcf1 Rg4 42. R1f6 Rxe4 43. Rxh6 a4+ 44. Kb2 Ne5 45. Rhh8 Nc4+ 46. Ka2 Kc6 47. Rh5 Re2 48. Rc8+ Rc7 49. Re8 Rxc2+ 50. Kb1 Rb2+ 51. Kc1 Re2 52. Rh6 Kd5 53. Rh5+ e5 54. h4 Re1+ 55. Kc2 Rf7 56. Rd8+ Ke4 0-1